00714naa a22001817i 4500001000700000003000900007005001700016008004100033040001300074100002900087245011900116504004100235610004500276650001900321655001900340700003100359773014200390232400ES-MaBCM20260219142025.0260219s2023 sp ||||| |||| 00| 0 spa d cES-MaBCM1 aAcuña Pacheco, Alfredo10aLuces de jurisprudencia interamericana sobre la pena de muertecAlfredo Acuña Pacheco, Julieta Morales Sánchez aIncluye referencias bibliográficas27aCorte Interamericana de Derechos Humanos 7aPena de muerte 4aJurisprudencia1 aMorales Sánchez, Julieta0 dValencia : Tirant lo Blanch , 2023gp. [21]-48 - Loc. 62618tLa crueldad en las constituciones y en los convenios internacionalesw225307